000 00654nam a2200217Ia 4500
008 140321s9999 xx 000 0 und d
020 _a9780071795371
050 _aQA 41
_b.Sp32 2013
100 _aSpiegel, Murray R.
245 _aMathematical handbook of formulas and tables /
_cMurray R. Spiegel, Seymour Lipschutz and John Liu.
250 _a4th ed.
260 _aNew York :
_bMcGraw-Hill,
_cc2013.
300 _a293 p. :
_bill. ;
_c28 cm.
440 _a(Schaum's outline series).
500 _aIncludes index.
521 _aGE
650 _aMathematics
_xFormulae.
650 _aMathematics
_xTables.
942 _kFOR
_cBK
999 _c48648
_d48648